00443nam a22001577a 450000500170000001000170001702000260003403500170006003700120007708200080008924500620009726000230015927000570018230000220023970000240026120130704155142.0 aB-508988-989 c710.00a9789350940464 aB-508990-991 bKBD/Ven a000 aCracking the CSAT Paper 2:bcivil services aptitude test/ aNew DelhibArihant a4577/15, Agarwal Road, Darya GanjbNew Delhie110022 a984p.c26cm(pbk)  dK.J.Rajendra Prasad